Culture Générale - Clic Quiz - La réponse est une série TV - Statistiques

Statistiques générales
  • Ce quiz a été pris 238 fois
  • Le résultat moyen est 15 sur 36
Statistiques - réponses
Hint Réponse % Correct
Série où le 1,2,3 soleil et le tir à la corde sont mortels pour les personnages Squid Game
88%
Frères linguistes allemands du XIXe siècle, philologues, auteurs et collecteurs de contes traditionnels Grimm
74%
Groupe criminel qui sévissait en Angleterre à la fin du XIXe siècle Peaky Blinders
70%
Marque commerciale de crèmes glacées avec pour slogan "Le plaisir est là, saisissez le" Magnum
69%
Compléte le nom du film américain réalisé par Spike Lee, sorti en 1992 : "_________ X" Malcolm
65%
Attitude, pose de danse classique et de patinage artistique Arabesque
60%
Septième album studio du groupe de rock Red Hot Chili Peppers, sorti en 1999 Californication
59%
Concept religieux. Personne ou événement qui arrive à point nommé pour sauver une situation ou qui constitue une chance, un secours exceptionnel Providence
59%
Nom du chat de la marâtre dans le Cendrillon de Disney (1950) Lucifer
57%
Allocation de logement familiale Alf
56%
Peut aussi désigner le bicarbonate de soude ou le carbonate de sodium Soda
56%
Signifie patrie en anglais Homeland
55%
Affaire, incident du 4 juillet 1947 considéré par certains ufologues comme un cas d'écrasement d'OVNI Roswell
52%
Dans l'industrie, opération de façonnage de la matière destiné à donner une forme adéquate à une pièce ou à un produit fini Profilage
51%
En Sport US, partagé entre les Mavericks, les Stars et les Cowboys Dallas
49%
Commune française située dans la Métropole de Lyon (43 049 habitants en 2021) Bron
48%
Au Cinéma, sortent respectivement en 1998 et 2008 : _________ Parano et _________21 Las Vegas
47%
Nom de la franchise professionnelle de football américain évoluant en NFL : _________ du Minnesota Vikings
42%
Concept de magasin ou restaurant sans client à l'intérieur, destiné au commerce en ligne : ______Store ; ______Kitchen Dark
40%
Nom en France de la série TV qui s'appelle "Toubib or not Toubib" en Belgique Scrubs
40%
Créature féminine surnaturelle de la mythologie celtique irlandaise, considérée comme une magicienne ou une messagère de l'Autre monde Banshee
37%
Désigne le Roi des Francs de 751 à 768 Bref
33%
Feuilleton (et générique) parodié par Les Inconnus (Volume 1 ; 1990) ainsi que par les Nuls en 1991 Santa Barbara
31%
Complete le nom du roman policier, écrit en 2004 par Jeff Lindsay qui a servi de support à la série télévisée à trouver : Ce cher _________ Dexter
27%
Nom de l'Album de No One Is Innocent (en 1997), de Björk (en 2017) et de Travis Scott (en 2023) Utopia
27%
Surnom du cycliste suisse Fabian Cancellara, Champion olympique du contre-la-montre 2008 et 2016 Spartacus
26%
Complete le nom de la série de jeux vidéo développée par Omega Force qui compte plusieurs dizaines d'opus : _________ Warriors Dynasty
24%
Ville la plus peuplée de l'État du Dakota du Nord (124 662 habitants) même si elle n'en est pas la capitale Fargo
23%
Prononciation de la trente-deuxième lettre de l'alphabet cyrillique You
20%
Chaîne de télévision généraliste privée tunisienne : __________TV Hannibal
15%
Surnom familier de l'Australie Oz
13%
Chaîne américaine de bars et restaurants de type « breastaurants » Twin Peaks
9%
Compléte le nom de la bombe H la plus puissante testée par les États-Unis (en 1954) : "________ Bravo" Castle
8%
Type de chaussures de ville, basse classique pour homme, sans laçage, fermée par une ou plusieurs boucles Monk
7%
Langage de programmation destiné à la création sonore. Il permet la synthèse et la composition en temps réel. C'est aussi un album du groupe Sum 41 (2004) Chuck
6%
Groupe allemand de hard rock et glam metal, originaire de Munich (actif en 1988–1991 et depuis 1998) Shameless
6%
Aucun quiz correspondant
Distribution des résultats
% des personnes avec chaque résultat
Percentile par nombre de réponses
Votre historique - résultats
Vous n’avez pas pris ce quiz